<?xml version="1.0" encoding="UTF-8"?>
<collection xmlns="http://www.loc.gov/MARC21/slim">
 <record>
  <leader>01795caa a2200349   4500</leader>
  <controlfield tag="001">1700714686</controlfield>
  <controlfield tag="003">DE-627</controlfield>
  <controlfield tag="005">20210820003646.0</controlfield>
  <controlfield tag="007">cr uuu---uuuuu</controlfield>
  <controlfield tag="008">200617s2015    xx |||||oo    00| ||spa c</controlfield>
  <datafield tag="035" ind1=" " ind2=" ">
   <subfield code="a">(DE-627)1700714686</subfield>
  </datafield>
  <datafield tag="035" ind1=" " ind2=" ">
   <subfield code="a">(DE-599)KXP1700714686</subfield>
  </datafield>
  <datafield tag="035" ind1=" " ind2=" ">
   <subfield code="a">(OCoLC)1264360898</subfield>
  </datafield>
  <datafield tag="040" ind1=" " ind2=" ">
   <subfield code="a">DE-627</subfield>
   <subfield code="b">ger</subfield>
   <subfield code="c">DE-627</subfield>
   <subfield code="e">rda</subfield>
  </datafield>
  <datafield tag="041" ind1=" " ind2=" ">
   <subfield code="a">spa</subfield>
  </datafield>
  <datafield tag="084" ind1=" " ind2=" ">
   <subfield code="a">KUNST</subfield>
   <subfield code="q">DE-16</subfield>
   <subfield code="2">fid</subfield>
  </datafield>
  <datafield tag="100" ind1="1" ind2=" ">
   <subfield code="a">Azcárate de Luxán, Matilde</subfield>
   <subfield code="e">VerfasserIn</subfield>
   <subfield code="0">(DE-588)13222545X</subfield>
   <subfield code="0">(DE-627)690435835</subfield>
   <subfield code="0">(DE-576)299016145</subfield>
   <subfield code="4">aut</subfield>
  </datafield>
  <datafield tag="245" ind1="1" ind2="0">
   <subfield code="a">[Rezension von: Éric Palazzo, L’invention chrétienne des cinq sens dans la liturgie et l’art au Moyen Âge]</subfield>
   <subfield code="c">Matilde Azcárate Luxán, Universidad Complutense de Madrid</subfield>
  </datafield>
  <datafield tag="264" ind1=" " ind2="1">
   <subfield code="c">2015</subfield>
  </datafield>
  <datafield tag="336" ind1=" " ind2=" ">
   <subfield code="a">Text</subfield>
   <subfield code="b">txt</subfield>
   <subfield code="2">rdacontent</subfield>
  </datafield>
  <datafield tag="337" ind1=" " ind2=" ">
   <subfield code="a">Computermedien</subfield>
   <subfield code="b">c</subfield>
   <subfield code="2">rdamedia</subfield>
  </datafield>
  <datafield tag="338" ind1=" " ind2=" ">
   <subfield code="a">Online-Ressource</subfield>
   <subfield code="b">cr</subfield>
   <subfield code="2">rdacarrier</subfield>
  </datafield>
  <datafield tag="655" ind1=" " ind2="7">
   <subfield code="a">Rezension</subfield>
   <subfield code="0">(DE-588)4049712-4</subfield>
   <subfield code="0">(DE-627)106186019</subfield>
   <subfield code="0">(DE-576)209083166</subfield>
   <subfield code="2">gnd-content</subfield>
  </datafield>
  <datafield tag="773" ind1="0" ind2="8">
   <subfield code="i">Enthalten in</subfield>
   <subfield code="t">Anales de historia del arte</subfield>
   <subfield code="d">Madrid : Univ. Complutense, 1989</subfield>
   <subfield code="g">25(2015), Seite 305-308</subfield>
   <subfield code="h">Online-Ressource</subfield>
   <subfield code="w">(DE-627)502173831</subfield>
   <subfield code="w">(DE-600)2207590-2</subfield>
   <subfield code="w">(DE-576)281289883</subfield>
   <subfield code="x">1988-2491</subfield>
   <subfield code="7">|||s</subfield>
  </datafield>
  <datafield tag="773" ind1="1" ind2="8">
   <subfield code="g">volume:25</subfield>
   <subfield code="g">year:2015</subfield>
   <subfield code="g">pages:305-308</subfield>
  </datafield>
  <datafield tag="787" ind1="0" ind2="8">
   <subfield code="i">Rezension von</subfield>
   <subfield code="a">Palazzo, Éric, 1963 - </subfield>
   <subfield code="t">L' invention chrétienne des cinq sens dans la liturgie et l'art au Moyen Âge</subfield>
   <subfield code="d">Paris : Éd. du Cerf, 2014</subfield>
   <subfield code="h">503 S., [12] Bl.</subfield>
   <subfield code="w">(DE-627)1613521448</subfield>
   <subfield code="w">(DE-576)426418735</subfield>
   <subfield code="z">9782204102452</subfield>
  </datafield>
  <datafield tag="856" ind1="4" ind2="0">
   <subfield code="u">https://revistas.ucm.es/index.php/ANHA/article/view/51412</subfield>
   <subfield code="x">Verlag</subfield>
   <subfield code="z">kostenfrei</subfield>
   <subfield code="3">Volltext</subfield>
  </datafield>
  <datafield tag="936" ind1="u" ind2="w">
   <subfield code="d">25</subfield>
   <subfield code="j">2015</subfield>
   <subfield code="h">305-308</subfield>
  </datafield>
  <datafield tag="951" ind1=" " ind2=" ">
   <subfield code="a">AR</subfield>
  </datafield>
  <datafield tag="994" ind1=" " ind2=" ">
   <subfield code="u">https://revistas.ucm.es/index.php/ANHA/article/download/51412/47690/</subfield>
  </datafield>
  <datafield tag="991" ind1=" " ind2=" ">
   <subfield code="a">Rezension (Monographie, Zeitschrift, Aufsatz)</subfield>
  </datafield>
  <datafield tag="999" ind1=" " ind2=" ">
   <subfield code="a">KXP-PPN1700714686</subfield>
   <subfield code="e">4025364182</subfield>
  </datafield>
 </record>
</collection>
